000 00456nam a2200181Ia 4500
001 8880
005 20260306160642.0
008 260306t2009||||xx |||||||||||||| ||spa||
041 _aESP
082 _a371.9
_bB74
100 _aBorsani, María José
_eAUT
245 0 _aNecesidades especiales:
_b¿cuando es posible la integración?
260 _c2009
300 _a89 páginas :
_c26 cm.
650 _aGEN
654 _aCED
942 _cLIB
_dJUS
_fJUS
_2ddc
_n
999 _c8880
_d8880